[Event "POL-ch U18 Girls"]
[Site "Sypniewo"]
[Date "2022.03.25"]
[Round "7"]
[White "Szewczyk, Malwina"]
[Black "Mytnik, Kinga"]
[Result "0-1"]
[WhiteElo "1433"]
[BlackElo "1438"]
[PlyCount "92"]
[EventDate "2022.03.19"]
[EventType "swiss"]
[EventRounds "9"]
[EventCountry "POL"]
[SourceTitle "CBM 207 Extra"]
[Source "ChessBase"]
[SourceDate "2022.05.31"]
[SourceVersion "1"]
[SourceVersionDate "2022.05.31"]
[SourceQuality "1"]

1. d4 g6 2. c4 Bg7 3. Nc3 c5 4. d5 Bxc3+ 5. bxc3 f5 6. Bf4 d6 7. h4 Qa5 8. Qc2 Nf6 9. f3 Nbd7 10. Rb1 a6 11. e4 Nh5 12. Bh2 fxe4 13. fxe4 Nhf6 14. Be2 b5 15. cxb5 axb5 16. Bxb5 Qxa2 17. Qxa2 Rxa2 18. e5 dxe5 19. Bxe5 0-0 20. Bxf6 Nxf6 21. Bc4 Rxg2 22. d6+ e6 23. Rb8 Rg4 24. Rxc8 Re4+ 25. Kd2 Rxc8 26. Bd3 Ra4 27. Nf3 Rd8 28. Rb1 c4 29. Be2 Ne4+ 30. Ke1 Nxd6 31. Ng5 e5 32. Rb6 Ra1+ 33. Kf2 Rf8+ 34. Kg2 Ra2 35. Rxd6 Rxe2+ 36. Kg1 Re1+ 37. Kg2 e4 38. Rd7 e3 39. Nxh7 Rf2+ 40. Kg3 Rg1+ 41. Kh3 e2 42. h5 Rh1+ 43. Kg4 Rg1+ 44. Kh3 e1Q 45. h6 Rh1+ 46. Kg4 Qg1# 0-1

[Event "POL-chT U20 1st League"]
[Site "Kudowa Zdroj"]
[Date "2018.07.27"]
[Round "7.24"]
[White "Siekanska, Zuzanna"]
[Black "Mytnik, Kinga"]
[Result "0-1"]
[WhiteElo "1395"]
[BlackElo "1446"]
[PlyCount "100"]
[EventDate "2018.07.21"]
[EventType "team-tourn"]
[EventRounds "9"]
[EventCountry "POL"]
[SourceTitle "CBM 186 Extra"]
[Source "ChessBase"]
[SourceDate "2018.08.24"]
[SourceVersion "1"]
[SourceVersionDate "2018.08.24"]
[SourceQuality "1"]

1. d4 d6 2. c4 e5 3. d5 f5 4. Nc3 Nf6 5. e3 a5 6. Be2 g6 7. h4 h6 8. Qc2 Bd7 9. e4 Na6 10. h5 fxe4 11. Nxe4 Nb4 12. Nxf6+ Qxf6 13. Qb3 Qf5 14. Kf1 Nc2 15. Bd3 Nxa1 16. Bxf5 Nxb3 17. Bxg6+ Ke7 18. axb3 Bg7 19. Nf3 c6 20. Be4 c5 21. Nh4 Kf6 22. f4 Rhe8 23. f5 b5 24. Rh3 a4 25. Rg3 Kf7 26. Rg6 Bf6 27. Bxh6 Rh8 28. Bg5 Bxg5 29. Rxg5 axb3 30. f6 Kxf6 31. Rg6+ Ke7 32. h6 Raf8+ 33. Ke2 Rf4 34. Rg7+ Kd8 35. Ng6 Rxe4+ 36. Kf3 Rf4+ 37. Nxf4 exf4 38. h7 Kc7 39. cxb5 c4 40. b6+ Kxb6 41. Rxd7 c3 42. Rxd6+ Kb5 43. Re6 cxb2 44. Re1 Ka4 45. d6 Rxh7 46. Ke4 Ka3 47. Kd3 Ka2 48. Re7 b1Q+ 49. Kd2 Rxe7 50. dxe7 Qe4 0-1

[Event "POL Olympiad U14 Girls"]
[Site "Drzonkow"]
[Date "2017.04.07"]
[Round "8"]
[White "Mytnik, Kinga"]
[Black "Zalucka, Emilia"]
[Result "0-1"]
[WhiteElo "1297"]
[BlackElo "1356"]
[PlyCount "60"]
[EventDate "2017.04.02"]
[EventType "swiss"]
[EventRounds "9"]
[EventCountry "POL"]
[SourceTitle "EXT 2020"]
[Source "ChessBase"]
[SourceDate "2019.10.17"]
[SourceVersion "1"]
[SourceVersionDate "2019.10.17"]
[SourceQuality "1"]

1. e4 e5 2. Nf3 Nc6 3. Nc3 Nf6 4. d4 exd4 5. Nxd4 Bb4 6. Nxc6 bxc6 7. Bd3 d5 8. exd5 cxd5 9. 0-0 0-0 10. Bg5 c6 11. Na4 Re8 12. c3 Bd6 13. h3 h6 14. Be3 Qe7 15. Re1 Qe5 16. Qf3 Ne4 17. Rad1 Bd7 18. Kf1 Qh2 19. Bc2 c5 20. Rxd5 Bb5+ 21. Rd3 Bxd3+ 22. Bxd3 Nd2+ 23. Ke2 Nxf3 24. gxf3 Bf4 25. Kd2 Qxf2+ 26. Kd1 Bxe3 27. Rxe3 Rxe3 28. Be2 Qxe2+ 29. Kc1 Rd8 30. Kb1 Rd1# 0-1

[Event "POL Olympiad U14 Girls"]
[Site "Drzonkow"]
[Date "2017.04.06"]
[Round "7"]
[White "Paluch, Kornelia"]
[Black "Mytnik, Kinga"]
[Result "0-1"]
[WhiteElo "1356"]
[BlackElo "1297"]
[PlyCount "76"]
[EventDate "2017.04.02"]
[EventType "swiss"]
[EventRounds "9"]
[EventCountry "POL"]
[SourceTitle "EXT 2020"]
[Source "ChessBase"]
[SourceDate "2019.10.17"]
[SourceVersion "1"]
[SourceVersionDate "2019.10.17"]
[SourceQuality "1"]

1. d4 d5 2. Nf3 Nf6 3. c4 dxc4 4. Nc3 a6 5. e4 b5 6. e5 Nd5 7. a4 Nxc3 8. bxc3 Bb7 9. axb5 axb5 10. Rxa8 Bxa8 11. Ba3 g6 12. g3 Bg7 13. Bg2 0-0 14. 0-0 f6 15. exf6 Rxf6 16. Re1 Bf8 17. Ng5 Bxg2 18. Kxg2 Qd5+ 19. Nf3 Nc6 20. Qe2 Nd8 21. Qe4 Qxe4 22. Rxe4 Re6 23. Re5 Rxe5 24. Nxe5 e6 25. Bb2 c5 26. Nd7 cxd4 27. cxd4 Nc6 28. Nxf8 Kxf8 29. Kf3 Ke7 30. Ke4 Kd6 31. f4 b4 32. Bc1 b3 33. Bb2 Kd7 34. Ke3 Nb4 35. Kd2 Nd3 36. Bc3 Kd6 37. h3 Nf2 38. h4 Ne4+ 0-1

[Event "POL Olympiad U14 Girls"]
[Site "Drzonkow"]
[Date "2017.04.03"]
[Round "2"]
[White "Mytnik, Kinga"]
[Black "Mucha, Marta"]
[Result "1/2-1/2"]
[WhiteElo "1297"]
[BlackElo "1397"]
[PlyCount "112"]
[EventDate "2017.04.02"]
[EventType "swiss"]
[EventRounds "9"]
[EventCountry "POL"]
[SourceTitle "EXT 2020"]
[Source "ChessBase"]
[SourceDate "2019.10.17"]
[SourceVersion "1"]
[SourceVersionDate "2019.10.17"]
[SourceQuality "1"]

1. e4 d5 2. exd5 Qxd5 3. Nc3 Qd6 4. d4 Nf6 5. Nf3 g6 6. Bc4 Bg7 7. Ne5 0-0 8. Be3 Nc6 9. f4 Qb4 10. Bb3 Nxe5 11. fxe5 Ne4 12. Qd3 Bf5 13. a3 Qa5 14. Qb5 Qxb5 15. Nxb5 c6 16. Nc3 Nxc3 17. bxc3 Be4 18. Rg1 e6 19. g4 Rfd8 20. Rf1 c5 21. Rf4 Bc6 22. Rf2 b5 23. Rb1 c4 24. Ba2 Bf8 25. a4 a6 26. Ke2 Rdb8 27. Rbf1 Rb7 28. h4 Bd5 29. a5 b4 30. cxb4 Bxb4 31. Rb1 Rab8 32. h5 Bxa5 33. Rxb7 Rxb7 34. hxg6 fxg6 35. Bh6 Bb4 36. c3 Be7 37. Ke3 a5 38. Rf1 Rb2 39. Bb1 a4 40. Be4 Bxe4 41. Kxe4 a3 42. d5 Re2+ 43. Kd4 exd5 44. Kxd5 a2 45. Ke6 Ba3 46. Rd1 Rf2 47. Ra1 Bf8 48. Be3 Re2 49. Bd4 h5 50. gxh5 gxh5 51. Kf5 Kf7 52. e6+ Ke8 53. Kg5 Ke7 54. Kf5 Kd6 55. Rd1 Kc7 56. Be5+ Kc6 1/2-1/2